| 000 | 00450nam a2200181Ia 4500 | ||
|---|---|---|---|
| 005 | 20250423100512.0 | ||
| 008 | 250422s9999 xx 000 0 und d | ||
| 020 | _a9788123910321 | ||
| 050 | _aQE 431.2 .E38/ | ||
| 100 | _a Ehlers, Ernest G. | ||
| 245 | 0 | _aPetrology: igneous sedimentary and metamorphic | |
| 260 | _aSan Francisco | ||
| 260 | _bFreeman | ||
| 260 | _c1982 | ||
| 300 | _a732 p | ||
| 650 | _aPetrology--Textbooks. | ||
| 942 | _cBK | ||
| 999 |
_c33502 _d33502 |
||